[Event "66. BEM 2012"]
[Site "Dortmund"]
[Date "2012.03.06"]
[Round "5.13"]
[White "Vogt, Christian"]
[Black "Raskin, Vitali"]
[Result "0-1"]
[WhiteElo "1499"]
[BlackElo "1667"]
[Annotator "P. Schulenburg"]
[PlyCount "72"]
[EventDate "2012.??.??"]
[Source "SG Dortmund"]
[SourceDate "2004.12.16"]

1. d4 d5 2. c4 dxc4 3. e3 e6 4. Bxc4 Nf6 5. Nf3 a6 6. a4 b6 7. O-O Bb7 8. Nc3
Nbd7 9. Ne5 Bd6 10. Nxf7 Kxf7 11. f4 Nd5 12. f5 Qh4 13. fxe6+ Kxe6 14. g3 Bxg3
15. hxg3 Qxg3+ 16. Kh1 Rhf8 17. e4 Rxf1+ 18. Qxf1 Rf8 19. Qe2 Ke7 20. exd5+ Kd8
21. Be3 Rf3 22. Bg1 Qh4+ 23. Bh2 Rf2 24. Qxf2 Qxf2 25. Rf1 Qxb2 26. Rf3 Nf6 27.
Be5 Qc1+ 28. Kg2 Qd2+ 29. Kg3 Qg5+ 30. Kf2 Ng4+ 31. Ke2 Bc8 32. Bf4 Qe7+ 33.
Kd2 Nf6 34. Re3 Qa3 35. Ne4 Qb4+ 36. Kd3 Bf5 {und Weiss ueberschritt die Zeit}
0-1

[Event "66. BEM 2012"]
[Site "Dortmund"]
[Date "2012.03.06"]
[Round "5.14"]
[White "Schultz, Bernfried"]
[Black "Siwy, Boguslaw"]
[Result "1-0"]
[WhiteElo "1739"]
[BlackElo "1403"]
[Annotator "P. Schulenburg"]
[PlyCount "47"]
[EventDate "2012.??.??"]
[Source "SG Dortmund"]
[SourceDate "2004.12.16"]

1. e4 e5 2. Nf3 Nc6 3. d4 exd4 4. Nxd4 Bc5 5. Be3 Qf6 6. c3 Nge7 7. Be2 b6 8.
O-O Bb7 9. f4 d6 10. e5 dxe5 11. fxe5 Qxe5 12. Bf4 Bxd4+ 13. Kh1 Qa5 14. cxd4
O-O-O 15. Be3 f5 16. Nc3 Nxd4 17. Bxd4 c5 18. Nb5 cxd4 19. a3 Kb8 20. b4 Qa6
21. Qc1 Bxg2+ 22. Kxg2 Qb7+ 23. Bf3 Qd7 24. Qf4+ 1-0

[Event "66. BEM 2012"]
[Site "Dortmund"]
[Date "2012.03.06"]
[Round "5.15"]
[White "Hlopotov, Nikita"]
[Black "Horenburg, Oliver"]
[Result "1/2-1/2"]
[WhiteElo "1405"]
[BlackElo "1762"]
[Annotator "P. Schulenburg"]
[PlyCount "45"]
[EventDate "2012.??.??"]
[Source "SG Dortmund"]
[SourceDate "2004.12.16"]

1. e4 e5 2. Nf3 Nc6 3. d4 exd4 4. Nxd4 Bc5 5. Be3 Qf6 6. c3 Nge7 7. Be2 b6 8.
O-O Bb7 9. Bf3 O-O 10. b4 Bxd4 11. cxd4 Ng6 12. e5 Qe7 13. a3 Nd8 14. Nc3 Bxf3
15. Qxf3 c6 16. Qg3 Qh4 17. Qxh4 Nxh4 18. Rfe1 Nf5 19. Rad1 Nb7 20. Ne4 a5 21.
Rb1 axb4 22. Rxb4 Rxa3 23. Rxb6 1/2-1/2

[Event "66. BEM 2012"]
[Site "Dortmund"]
[Date "2012.03.06"]
[Round "5.16"]
[White "Vojdani, Bahram"]
[Black "Heselmeyer, Wolfgang"]
[Result "1-0"]
[WhiteElo "1664"]
[BlackElo "1349"]
[Annotator "P. Schulenburg"]
[PlyCount "57"]
[EventDate "2012.??.??"]
[Source "SG Dortmund"]
[SourceDate "2004.12.16"]

1. Nf3 Nf6 2. g3 e6 3. Bg2 d5 4. c4 c6 5. b3 Be7 6. O-O O-O 7. Bb2 Nbd7 8. d3
Qc7 9. Nbd2 a6 10. Qc2 Re8 11. Rfe1 h6 12. e4 dxe4 13. dxe4 e5 14. a3 c5 15.
Nf1 b6 16. Ne3 Bb7 17. Nd5 Nxd5 18. exd5 Bd6 19. Nh4 Nf6 20. Nf5 Bc8 21. Re2
Bxf5 22. Qxf5 Qd7 23. Qxd7 Nxd7 24. Rae1 f6 25. Bh3 Nf8 26. f4 Ng6 27. Bf5 Ne7
28. Be6+ Kf8 29. fxe5 1-0

[Event "66. BEM 2012"]
[Site "Dortmund"]
[Date "2012.03.06"]
[Round "5.17"]
[White "Duschek, Günter"]
[Black "Jentzsch, Werner Wilfried"]
[Result "1-0"]
[WhiteElo "1580"]
[BlackElo "1317"]
[Annotator "P. Schulenburg"]
[PlyCount "71"]
[EventDate "2012.??.??"]
[Source "SG Dortmund"]
[SourceDate "2004.12.16"]

1. d4 e6 2. Bf4 c5 3. e3 Nc6 4. Nf3 d5 5. c3 Qb6 6. Qc2 c4 7. Be2 a5 8. Nbd2 a4
9. a3 Nf6 10. Ne5 Na5 11. O-O Nb3 12. Rab1 Nxd2 13. Qxd2 Ne4 14. Qd1 Qa5 15.
Bf3 Nd6 16. Be2 Nb5 17. h4 Be7 18. Bg3 Ra6 19. Bh5 O-O 20. Be2 Rb6 21. h5 Bxa3
22. bxa3 Nxc3 23. Qd2 Rb3 24. Rfc1 Nxe2+ 25. Qxe2 Rxa3 26. f4 b5 27. Nc6 Qb6
28. Nb4 Bd7 29. Be1 Ra8 30. h6 g6 31. Qf3 f5 32. Nxd5 exd5 33. Qxd5+ Be6 34.
Qxa8+ Kf7 35. Bb4 Rxe3 36. Qf8# 1-0

[Event "66. BEM 2012"]
[Site "Dortmund"]
[Date "2012.03.06"]
[Round "5.18"]
[White "Benke, Werner"]
[Black "Skoecz, Horst"]
[Result "1-0"]
[WhiteElo "1518"]
[BlackElo "1164"]
[Annotator "P. Schulenburg"]
[PlyCount "52"]
[EventDate "2012.??.??"]
[Source "SG Dortmund"]
[SourceDate "2004.12.16"]

1. d4 d5 2. c4 Nf6 3. Nc3 c6 4. Nf3 Ne4 5. e3 Nxc3 6. bxc3 e6 7. Bd3 Nd7 8. O-O
Nf6 9. Re1 dxc4 10. Bxc4 Ne4 11. Qd3 Ng5 12. Nd2 Qc7 13. h4 h6 14. hxg5 hxg5
15. g3 b5 16. Bb3 a6 17. e4 g4 18. Bd1 e5 19. Kg2 exd4 20. e5 Be7 21. Ne4 Be6
22. Bb3 Bxb3 23. axb3 Qd7 24. Nd6+ Kf8 25. Qf5 Qxf5 26. Nxf5 dxc3 {
Die Partie ist ab hier nicht in vertretbarem  Zeitrahmen rekonstruierbar.} 1-0

[Event "66. BEM 2012"]
[Site "Dortmund"]
[Date "2012.03.06"]
[Round "5.19"]
[White "Grawe, Herbert"]
[Black "Schmidt, Andreas N"]
[Result "1-0"]
[WhiteElo "1385"]
[BlackElo "792"]
[Annotator "P. Schulenburg"]
[PlyCount "33"]
[EventDate "2012.??.??"]
[Source "SG Dortmund"]
[SourceDate "2004.12.16"]

1. Nc3 e5 2. e4 Nc6 3. a3 Nf6 4. Bc4 Bc5 5. h3 d6 6. d3 O-O 7. Ba2 Re8 8. Na4
b6 9. b4 Bd4 10. c3 Bxc3+ 11. Nxc3 Bb7 12. Nf3 h6 13. O-O Ne7 14. Be3 d5 15.
Nxe5 d4 16. Nxf7 Qd7 17. Ne5+ 1-0

[Event "66. BEM 2012"]
[Site "Dortmund"]
[Date "2012.03.06"]
[Round "5.20"]
[White "Koch, Detlev"]
[Black "Strotmann, Dieter"]
[Result "1-0"]
[WhiteElo "1341"]
[BlackElo "1362"]
[Annotator "P. Schulenburg"]
[PlyCount "75"]
[EventDate "2012.??.??"]
[Source "SG Dortmund"]
[SourceDate "2004.12.16"]

1. d4 Nf6 2. c4 g6 3. Nc3 Bg7 4. e4 d6 5. Be2 O-O 6. Nf3 Bg4 7. h3 Bxf3 8. Bxf3
c6 9. O-O Nbd7 10. Be3 Qc7 11. Qd2 a6 12. d5 Rab8 13. Rac1 b5 14. cxb5 axb5 15.
dxc6 Ne5 16. Nd5 Nxf3+ 17. gxf3 Nxd5 18. exd5 Rfe8 19. Bd4 f6 20. Be3 e6 21.
dxe6 Rxe6 22. Bf4 Bf8 23. Qd5 Rbe8 24. Rc3 Kg7 25. Re3 Rxe3 26. fxe3 g5 27. Bg3
Rxe3 28. Re1 Rxe1+ 29. Bxe1 b4 30. Qb5 d5 31. Qb7 Bd6 32. Qxc7+ Bxc7 33. Bxb4
Kf7 34. Bc5 Ke6 35. b4 h5 36. b5 Bd6 37. Bd4 f5 38. a4 1-0

[Event "66. BEM 2012"]
[Site "Dortmund"]
[Date "2012.03.06"]
[Round "5.22"]
[White "Krüger, Inge"]
[Black "Wangrin, Stefan A"]
[Result "0-1"]
[WhiteElo "1303"]
[BlackElo "1165"]
[Annotator "P. Schulenburg"]
[PlyCount "52"]
[EventDate "2012.??.??"]
[Source "SG Dortmund"]
[SourceDate "2004.12.16"]

1. d4 c5 2. Nf3 cxd4 3. Nxd4 e5 4. Nf3 Nf6 5. Nc3 Nc6 6. e4 Bc5 7. Be2 Qb6 8.
O-O Ng4 9. Qe1 Qd8 10. Bg5 f6 11. Bh4 h5 12. h3 g5 13. hxg4 hxg4 14. Nh2 gxh4
15. Bxg4 d6 16. Qd1 Qe7 17. Bxc8 Rxc8 18. Qg4 Kf7 19. Nd5 Qe6 20. Qxe6+ Kxe6
21. Rad1 Nd4 22. Ne3 Ne2+ 23. Kh1 Bxe3 24. fxe3 Ng3+ 25. Kg1 Nxf1 26. Kxf1 Rxc2
0-1

[Event "66. BEM 2012"]
[Site "Dortmund"]
[Date "2012.03.06"]
[Round "5.23"]
[White "Reker, Gerhard"]
[Black "Böckmann, Lieselotte"]
[Result "0-1"]
[WhiteElo "756"]
[BlackElo "930"]
[Annotator "P. Schulenburg"]
[PlyCount "40"]
[EventDate "2012.??.??"]
[Source "SG Dortmund"]
[SourceDate "2004.12.16"]

1. e4 e5 2. Nf3 Nc6 3. Nc3 Nf6 4. Bb5 Be7 5. O-O a6 6. Bxc6 dxc6 7. Nxe5 O-O 8.
d4 h6 9. Be3 Bb4 10. Ne2 Nxe4 11. c3 Be7 12. Qd3 Nd6 13. Nf4 Bf5 14. Qe2 Bf6
15. Qf3 Bxe5 16. dxe5 Be4 17. Qg3 Nf5 18. Qg4 Nh4 19. g3 Nf3+ 20. Kg2 Nxe5+ 0-1

[Event "66. BEM 2012"]
[Site "Dortmund"]
[Date "2012.03.08"]
[Round "6.1"]
[White "Schmittdiel, Eckhard"]
[Black "Schwarz, Ingo"]
[Result "1-0"]
[WhiteElo "2408"]
[BlackElo "1784"]
[Annotator "P. Schulenburg"]
[PlyCount "77"]
[EventDate "2012.??.??"]
[Source "SG Dortmund"]
[SourceDate "2004.12.16"]

1. Nf3 g6 2. d4 Bg7 3. e4 f6 4. c4 Nh6 5. h4 Nf7 6. h5 g5 7. Nc3 h6 8. Be3 d6
9. d5 c5 10. Be2 O-O 11. Qc2 Bd7 12. a3 Na6 13. Nh2 Qe8 14. f4 Nc7 15. Ng4 b5
16. f5 Rb8 17. b4 cxb4 18. axb4 a6 19. c5 Qc8 20. c6 Be8 21. Ba7 Ra8 22. Bb6
Qb8 23. Bxc7 Qxc7 24. Nxb5 Qb6 25. Nc3 Qxb4 26. Rxa6 Rxa6 27. Bxa6 Bxc6 28.
dxc6 Ra8 29. c7 Qc5 30. c8=Q+ Rxc8 31. Bxc8 Qxc8 32. Ne3 e6 33. fxe6 Qxe6 34.
Nf5 Qe5 35. Qd3 d5 36. Qd4 Qf4 37. Rf1 Qg4 38. Nxg7 Qh4+ 39. Qf2 1-0

[Event "66. BEM 2012"]
[Site "Dortmund"]
[Date "2012.03.08"]
[Round "6.2"]
[White "Zelt, Jens"]
[Black "Jelica, Mara"]
[Result "0-1"]
[WhiteElo "1993"]
[BlackElo "2221"]
[Annotator "P. Schulenburg"]
[PlyCount "207"]
[EventDate "2012.??.??"]
[Source "SG Dortmund"]
[SourceDate "2004.12.16"]

1. c4 Nf6 2. d4 d6 3. Nf3 c5 4. Nc3 cxd4 5. Nxd4 g6 6. e3 Bg7 7. Be2 O-O 8. O-O
Bd7 9. Qb3 Qc8 10. Nd5 Nc6 11. Bf3 Re8 12. Nxf6+ Bxf6 13. Nxc6 bxc6 14. Qc2 Qa6
15. a4 Rab8 16. Rb1 d5 17. cxd5 cxd5 18. Bxd5 Rec8 19. Qd2 Bxa4 20. Ra1 Qb5 21.
e4 e6 22. Qf4 Bg7 23. e5 Qxd5 24. Rxa4 Bxe5 25. Qe3 Rb7 26. h3 Rc2 27. Rxa7
Rxa7 28. Qxa7 Bd4 29. Qb8+ Kg7 30. Qf4 e5 31. Qh6+ Kg8 32. b4 Qc4 33. Be3 Qxb4
34. Rd1 Rc4 35. Qg5 Qd6 36. Qg4 h5 37. Qe2 Rb4 38. Qc2 Qe6 39. Bxd4 Rxd4 40.
Re1 Qd6 41. Qe2 e4 42. Qb5 Qf4 43. Qb6 Qd2 44. Qb1 Qf4 45. Qb6 Qe5 46. Qb7 Ra4
47. Qb1 Kh7 48. Qb3 Ra7 49. Qc4 f5 50. h4 Kg7 51. Qb4 Ra1 52. Rxa1 Qxa1+ 53.
Kh2 Qe5+ 54. Kg1 f4 55. Qb7+ Kf6 56. Qc8 Qd6 57. Qc3+ Qe5 58. Qc8 Kg7 59. Qd7+
Kg8 60. Qd8+ Kf7 61. Qd7+ Qe7 62. Qd5+ Kg7 63. Qd4+ Kh7 64. Kf1 Qb7 65. Qd1 f3
66. gxf3 exf3 67. Qd3 Qc6 68. Qd1 Qe4 69. Qd7+ Kg8 70. Qd8+ Kf7 71. Qd7+ Kf6
72. Qd8+ Kf5 73. Qg5+ Ke6 74. Qb5 Qd5 75. Qe8+ Kf5 76. Kg1 Qe6 77. Qb5+ Kf6 78.
Qb2+ Qe5 79. Qc1 Qe4 80. Qc3+ Kf7 81. Qc7+ Kg8 82. Qd8+ Kh7 83. Kh2 Qf4+ 84.
Kh1 Qe4 85. Kh2 Kg7 86. Qd7+ Kf6 87. Qd8+ Kf5 88. Qg5+ Ke6 89. Qd8 Qe5+ 90. Kh3
Qf5+ 91. Kh2 Ke5 92. Qe7+ Kd5 93. Qb7+ Kc4 94. Qe7 Qf4+ 95. Kh1 Kd3 96. Qa3+
Ke2 97. Qa6+ Ke1 98. Qf1+ Kd2 99. Qh3 Qe4 100. Qg3 Ke2 101. Kh2 Qd4 102. Qxg6
Qxf2+ 103. Kh3 Qc5 104. Qe6+ {und Weiss ueberschritt die Zeit} 0-1

[Event "66. BEM 2012"]
[Site "Dortmund"]
[Date "2012.03.08"]
[Round "6.3"]
[White "Rossa, Daniel"]
[Black "Schulz-Runge, Michael"]
[Result "1-0"]
[WhiteElo "1811"]
[BlackElo "1732"]
[Annotator "P. Schulenburg"]
[PlyCount "43"]
[EventDate "2012.??.??"]
[Source "SG Dortmund"]
[SourceDate "2004.12.16"]

1. e4 e5 2. Nf3 d5 3. exd5 e4 4. Qe2 Qe7 5. Nd4 Nf6 6. Nc3 Nbd7 7. d3 Qe5 8.
Ndb5 a6 9. d4 Qf5 10. Nxc7+ Kd8 11. Nxa8 Bb4 12. Bd2 e3 13. fxe3 Qxc2 14. Qd3
Qxb2 15. Rb1 Qa3 16. Be2 Bxc3 17. Qxc3 Qxc3 18. Bxc3 Nxd5 19. Ba5+ Ke7 20. Kd2
N7f6 21. Bd3 Ng4 22. Nb6 1-0

[Event "66. BEM 2012"]
[Site "Dortmund"]
[Date "2012.03.08"]
[Round "6.4"]
[White "Schiefelbusch, Dirk"]
[Black "Sonntag, Joachim"]
[Result "1-0"]
[WhiteElo "2048"]
[BlackElo "1752"]
[Annotator "P. Schulenburg"]
[PlyCount "143"]
[EventDate "2012.??.??"]
[Source "SG Dortmund"]
[SourceDate "2004.12.16"]

1. b4 e5 2. Bb2 f6 3. b5 d5 4. e3 Be6 5. c4 c6 6. cxd5 cxd5 7. Nf3 Bd6 8. Nc3
Ne7 9. d4 e4 10. Nd2 f5 11. Qb3 Bf7 12. Be2 O-O 13. g3 Nd7 14. Ba3 Nf6 15. Bxd6
Qxd6 16. a4 a5 17. bxa6 bxa6 18. Qa3 Qxa3 19. Rxa3 Rfc8 20. Kd1 Rc6 21. Kc2 Rb8
22. Rb3 Rbc8 23. Rc1 Ng4 24. Bxg4 fxg4 25. Kb2 Kf8 26. Ne2 Be8 27. Rxc6 Rxc6
28. a5 Rf6 29. Nc3 Rxf2 30. Kc1 Rxh2 31. Rb6 Rh1+ 32. Kc2 Nf5 33. Nxd5 Bb5 34.
Nxe4 Bc4 35. Rb8+ Kf7 36. Nf4 Nxe3+ 37. Kd2 Nf1+ 38. Kc2 Rh6 39. Rb7+ Kf8 40.
Kc3 Rc6 41. Nc5 Bf7 42. Nfd3 Be6 43. Ne5 Rc8 44. Rb6 Bf5 45. Rxa6 Nxg3 46. Ra7
h5 47. Rf7+ Kg8 48. a6 Ne2+ 49. Kb4 Nxd4 50. Rb7 Kh7 51. a7 Ra8 52. Kc4 Ne6 53.
Ncd7 Nd8 54. Rc7 Kh6 55. Nb6 Be4 56. Nxa8 Ne6 57. Re7 Bxa8 58. Rxe6+ Kg5 59.
Rg6+ Kf4 60. Rxg7 Kxe5 61. Rg8 Bd5+ 62. Kd3 Kf4 63. a8=Q Bxa8 64. Rxa8 Kg3 65.
Ke2 h4 66. Kf1 h3 67. Kg1 Kh4 68. Ra3 g3 {Ab hier wurden wenige restliche
Zuege nicht mehr eindeutig notiert. Einfach gewaenne Weiss, indem er eine
Zugzwangsituation herbeifuehrt, z.B.} 69. Rf3 Kg4 70. Rf8 Kh5 71. Rg8 Kh4 72.
Rg7 {und einer der Bauern muss ziehen!} 1-0

[Event "66. BEM 2012"]
[Site "Dortmund"]
[Date "2012.03.08"]
[Round "6.6"]
[White "Cogan, Leonid"]
[Black "Begna, Bozidar"]
[Result "0-1"]
[WhiteElo "1748"]
[BlackElo "2000"]
[Annotator "P. Schulenburg"]
[PlyCount "56"]
[EventDate "2012.??.??"]
[Source "SG Dortmund"]
[SourceDate "2004.12.16"]

1. e4 Nf6 2. d3 e5 3. Nf3 Nc6 4. c3 {(=)} 4... d5 5. Nbd2 a5 6. Be2 Bc5 7. O-O
O-O 8. h3 Re8 9. Qc2 Bf8 10. exd5 Nxd5 11. Ne4 Kh8 12. Bg5 f6 13. Bh4 Nf4 14.
Rfd1 Nxe2+ 15. Qxe2 Qe7 16. Re1 Bf5 17. Bg3 Rad8 18. Rad1 Qf7 19. Nh4 Be6 20.
a3 Bb3 21. Rd2 g6 22. Qe3 f5 23. Ng5 Qf6 24. f4 exf4 25. Qxf4 Bd6 26. Rxe8+
Rxe8 27. Qf2 Qxg5 28. Bxd6 cxd6 0-1

[Event "66. BEM 2012"]
[Site "Dortmund"]
[Date "2012.03.08"]
[Round "6.7"]
[White "Gitschel, Ralf"]
[Black "Morawietz, Manuel"]
[Result "1/2-1/2"]
[WhiteElo "1860"]
[BlackElo "1836"]
[Annotator "P. Schulenburg"]
[PlyCount "21"]
[EventDate "2012.??.??"]
[Source "SG Dortmund"]
[SourceDate "2004.12.16"]

1. e4 c5 2. Nf3 e6 3. d4 cxd4 4. Nxd4 a6 5. Be3 d6 6. c4 Nf6 7. f3 Be7 8. Nc3
O-O 9. Be2 Nbd7 10. O-O b6 11. Nc6 1/2-1/2

[Event "66. BEM 2012"]
[Site "Dortmund"]
[Date "2012.03.08"]
[Round "6.8"]
[White "Tekin, Baran"]
[Black "Zachos, Ingo"]
[Result "1-0"]
[WhiteElo "1737"]
[BlackElo "1851"]
[Annotator "P. Schulenburg"]
[PlyCount "80"]
[EventDate "2012.??.??"]
[Source "SG Dortmund"]
[SourceDate "2004.12.16"]

1. d4 Nf6 2. Nf3 g6 3. c4 Bg7 4. Nc3 O-O 5. e4 c5 6. d5 d6 7. Be2 b5 8. cxb5 a6
9. b6 Qxb6 10. Nd2 Nbd7 11. a4 Ne5 12. f4 Ned7 13. a5 Qd8 14. O-O Rb8 15. Nc4
Ne8 16. Na4 Nc7 17. Bf3 Nb5 18. Re1 Nd4 19. Nab6 Nxb6 20. Nxb6 Bd7 21. Rb1 Bb5
22. Bd2 Bd3 23. Rc1 c4 24. e5 Nb3 25. Rc3 Nxa5 26. Rxd3 Qxb6+ 27. Be3 Qxb2 28.
Bd4 Qb4 29. Rc3 Nb3 30. Be2 Nxd4 31. Qxd4 dxe5 32. fxe5 Rbc8 33. Bxc4 Rfd8 34.
Rcc1 Bh6 35. d6 e6 36. Qc3 Qb6+ 37. Kh1 Bxc1 38. Rxc1 Qf2 39. Rf1 Rxc4 40. Qxc4
Qxf1+ 1-0

[Event "66. BEM 2012"]
[Site "Dortmund"]
[Date "2012.03.08"]
[Round "6.9"]
[White "Lauche, Christoph"]
[Black "Raskin, Vitali"]
[Result "0-1"]
[WhiteElo "1841"]
[BlackElo "1667"]
[Annotator "P. Schulenburg"]
[PlyCount "49"]
[EventDate "2012.??.??"]
[Source "SG Dortmund"]
[SourceDate "2004.12.16"]

1. e4 e5 2. f4 exf4 3. Nc3 Nc6 4. d4 Qh4+ 5. Ke2 g5 6. Nd5 Kd8 7. Nf3 Qh5 8.
Kf2 d6 9. Be2 Qg6 10. Bd3 f5 11. e5 Be6 12. c4 dxe5 13. Re1 e4 14. Nxg5 Qxg5
15. Nxf4 Qh4+ 16. Kg1 Bd7 17. Bxe4 Nf6 18. g3 Qg4 19. Bf3 Qg7 20. d5 Bc5+ 21.
Kh1 Nd4 22. Ne6+ Bxe6 23. dxe6 Kc8 24. Re5 Ne4 25. Rd5 0-1

[Event "66. BEM 2012"]
[Site "Dortmund"]
[Date "2012.03.08"]
[Round "6.10"]
[White "Simon, Thomas"]
[Black "Duschek, Günter"]
[Result "1-0"]
[WhiteElo "1904"]
[BlackElo "1580"]
[Annotator "P. Schulenburg"]
[PlyCount "65"]
[EventDate "2012.??.??"]
[Source "SG Dortmund"]
[SourceDate "2004.12.16"]

1. Nf3 Nf6 2. g3 d5 3. c4 e6 4. Bg2 c6 5. d4 dxc4 6. O-O Nbd7 7. a4 a5 8. Na3
Nb6 9. Ne5 Bxa3 10. bxa3 Nfd5 11. e4 Nf6 12. Bg5 h6 13. Be3 Nfd7 14. Nxd7 Bxd7
15. d5 cxd5 16. Qd4 Nxa4 17. Qxg7 Ke7 18. exd5 Qg8 19. d6+ Ke8 20. Qf6 Qf8 21.
Bxb7 Rb8 22. Rab1 Rg8 23. Be4 Rb3 24. Bc2 Rg6 25. Bxg6 fxg6 26. Qxg6+ Kd8 27.
Bxh6 Qe8 28. Qg5+ Kc8 29. Qxa5 Kb7 30. Qc7+ Ka8 31. Rxb3 cxb3 32. Be3 Qb8 33.
Qxd7 1-0

[Event "66. BEM 2012"]
[Site "Dortmund"]
[Date "2012.03.08"]
[Round "6.11"]
[White "Milonas, Georgios"]
[Black "Schultz, Bernfried"]
[Result "1/2-1/2"]
[WhiteElo "1583"]
[BlackElo "1739"]
[Annotator "P. Schulenburg"]
[PlyCount "139"]
[EventDate "2012.??.??"]
[Source "SG Dortmund"]
[SourceDate "2004.12.16"]

1. e4 e5 2. Nf3 Nc6 3. Bb5 a6 4. Ba4 Nf6 5. O-O Be7 6. Re1 b5 7. Bb3 d6 8. c3
Na5 9. Bc2 c5 10. d4 cxd4 11. cxd4 Qc7 12. a3 O-O 13. h3 Bb7 14. Nc3 Rac8 15.
d5 Nc4 16. Bb1 Nd7 17. Nd2 Ndb6 18. Nxc4 Nxc4 19. Ba2 Nxa3 20. Be3 Nc4 21. Bxc4
Qxc4 22. Kh1 f5 23. f3 fxe4 24. Nxe4 Bxd5 25. Bg5 Bxg5 26. Nxd6 Bxf3 27. Qxf3
Rxf3 28. Nxc4 Rf2 29. Nxe5 Rcc2 30. Rxa6 h5 31. Nf3 Bf6 32. Rg1 Rxb2 33. Re6 b4
34. Ne1 Rfd2 35. Nf3 Rd5 36. Re8+ Kf7 37. Rb8 Kg6 38. Rc1 b3 39. Rb6 Rc2 40.
Rb1 b2 41. Kh2 Kh7 42. Kg3 Rc1 43. R1xb2 Bxb2 44. Rxb2 Rc4 45. h4 Kg6 46. Rb6+
Kf5 47. Rb7 Rg4+ 48. Kh3 g6 49. Rf7+ Ke6 50. Rb7 Rd3 51. Rb6+ Kd5 52. Ra6 Rb3
53. Ra5+ Ke6 54. Ra6+ Kf5 55. Ra5+ Kf6 56. Ra6+ Kg7 57. Ra7+ Kh6 58. Ra2 Rb1
59. Kh2 Rb3 60. Re2 Rxf3 61. gxf3 Rxh4+ 62. Kg3 Ra4 63. Re6 h4+ 64. Kh3 Rf4 65.
Re3 g5 66. Rb3 Kh5 67. Rc3 Rxf3+ 68. Rxf3 g4+ 69. Kg2 gxf3+ 70. Kxf3 1/2-1/2

[Event "66. BEM 2012"]
[Site "Dortmund"]
[Date "2012.03.08"]
[Round "6.13"]
[White "Ziemek, Gerhard"]
[Black "Benke, Werner"]
[Result "1-0"]
[WhiteElo "1669"]
[BlackElo "1518"]
[Annotator "P. Schulenburg"]
[PlyCount "99"]
[EventDate "2012.??.??"]
[Source "SG Dortmund"]
[SourceDate "2004.12.16"]

1. d4 d5 2. e4 dxe4 3. Nc3 Nf6 4. f3 e3 5. Bxe3 Bf5 6. Bc4 e6 7. Nge2 Be7 8.
Qd2 Nd5 9. Nxd5 exd5 10. Bb3 c6 11. O-O Nd7 12. Ng3 Be6 13. f4 f6 14. Rae1 O-O
15. Qe2 Bf7 16. c3 Re8 17. Bc2 c5 18. Qg4 Kh8 19. Nf5 Bf8 20. dxc5 Nxc5 21. Rf3
Ne4 22. Rh3 Qc8 23. Qh4 Qxf5 24. g4 g5 25. fxg5 Qg6 26. gxf6 Be6 27. Rg3 Bd6
28. Bd4 Bf7 29. Rg2 Be5 30. Rf1 Bxd4+ 31. cxd4 Re6 32. g5 Rc6 33. Bd3 Rac8 34.
Qf4 a6 35. h4 h6 36. Be2 h5 37. Bd3 b5 38. Re2 R6c7 39. Rfe1 Rc6 40. Qf3 R6c7
41. Re3 Rc6 42. Rxe4 dxe4 43. Bxe4 Bd5 44. Bxd5 Rc1 45. Rxc1 Rxc1+ 46. Kh2 Rc2+
47. Kg3 Rc8 48. Be4 Qf7 49. g6 Qc7+ 50. Kg2 1-0

[Event "66. BEM 2012"]
[Site "Dortmund"]
[Date "2012.03.08"]
[Round "6.14"]
[White "Reinacher, Detlev"]
[Black "Gennat, Egon L"]
[Result "1/2-1/2"]
[WhiteElo "1650"]
[BlackElo "1490"]
[Annotator "P. Schulenburg"]
[PlyCount "49"]
[EventDate "2012.??.??"]
[Source "SG Dortmund"]
[SourceDate "2004.12.16"]

1. Nf3 d5 2. d3 c5 3. g3 Nc6 4. Bg2 e5 5. c3 Nf6 6. Nbd2 Be7 7. Qc2 O-O 8. a3
a5 9. b3 b6 10. O-O Bb7 11. Bb2 Qc7 12. e4 dxe4 13. dxe4 Rad8 14. Rfd1 Ba6 15.
Nf1 Rxd1 16. Rxd1 Rd8 17. Rxd8+ Qxd8 18. c4 Nd4 19. Nxd4 cxd4 20. Qd3 Bc5 21.
Ne3 Qe7 22. Nf5 Qf8 23. a4 Bc8 24. Nh4 Nh5 25. Nf3 1/2-1/2

[Event "66. BEM 2012"]
[Site "Dortmund"]
[Date "2012.03.08"]
[Round "6.15"]
[White "Horenburg, Oliver"]
[Black "Grawe, Herbert"]
[Result "1/2-1/2"]
[WhiteElo "1762"]
[BlackElo "1385"]
[Annotator "P. Schulenburg"]
[PlyCount "74"]
[EventDate "2012.??.??"]
[Source "SG Dortmund"]
[SourceDate "2004.12.16"]

1. d4 Nc6 2. Nf3 e6 3. e3 Nce7 4. Bd3 c5 5. c3 f5 6. Nbd2 Nf6 7. Nc4 Ng6 8. Bc2
Qc7 9. Nce5 Be7 10. Qe2 Nxe5 11. Nxe5 O-O 12. Bd2 d6 13. Nd3 Ne4 14. O-O-O c4
15. Nf4 d5 16. f3 Nxd2 17. Rxd2 b5 18. g4 b4 19. gxf5 bxc3 20. bxc3 Qa5 21. Kd1
Qxc3 22. Ke1 Qa1+ 23. Rd1 Qxa2 24. fxe6 Qa5+ 25. Kf1 Rf6 26. Rg1 Rxf4 27. exf4
c3 28. Bd3 Bf6 29. f5 Rb8 30. e7 Bd7 31. Rg4 Re8 32. Re1 Qa3 33. Qg2 Rxe7 34.
Rxe7 Qxe7 35. Qa2 Bc6 36. Qa6 Qc7 37. Kg2 Kf7 1/2-1/2

[Event "66. BEM 2012"]
[Site "Dortmund"]
[Date "2012.03.08"]
[Round "6.16"]
[White "Siwy, Boguslaw"]
[Black "Gegner, Michael"]
[Result "1-0"]
[WhiteElo "1403"]
[BlackElo "1613"]
[Annotator "P. Schulenburg"]
[PlyCount "65"]
[EventDate "2012.??.??"]
[Source "SG Dortmund"]
[SourceDate "2004.12.16"]

1. e4 e5 2. Nf3 f5 3. Nxe5 Nc6 4. Qh5+ g6 5. Nxg6 Nf6 6. Qh3 fxe4 7. Nxh8 d5 8.
Qh4 Nd4 9. Bd3 Nf5 10. Qg5 exd3 11. O-O Qe7 12. Qf4 Bh6 13. Qa4+ Bd7 14. Qa3 c5
15. Qxd3 b6 16. Nc3 c4 17. Qe2 Be6 18. Re1 Ng7 19. d3 Bxc1 20. Raxc1 O-O-O 21.
dxc4 dxc4 22. Qxc4+ Kb8 23. Rxe6 Nxe6 24. Re1 Rd6 25. f4 Qd7 26. f5 Ng5 27. Qf4
Ka8 28. Qxg5 Qc6 29. Nf7 Rd4 30. h3 Qc5 31. Kh1 Nd5 32. f6 Qc6 33. Nxd5 1-0

[Event "66. BEM 2012"]
[Site "Dortmund"]
[Date "2012.03.08"]
[Round "6.17"]
[White "Koch, Detlev"]
[Black "Vogt, Christian"]
[Result "0-1"]
[WhiteElo "1341"]
[BlackElo "1499"]
[Annotator "P. Schulenburg"]
[PlyCount "48"]
[EventDate "2012.??.??"]
[Source "SG Dortmund"]
[SourceDate "2004.12.16"]

1. d4 Nf6 2. c4 g6 3. Nc3 d5 4. Qb3 dxc4 5. Qxc4 Bg7 6. e3 O-O 7. Be2 Be6 8.
Qd3 c5 9. Bf3 cxd4 10. exd4 Nc6 11. Nge2 Ne5 12. Qe3 Nxf3+ 13. Qxf3 Nd5 14. Qe4
Nb4 15. d5 Nxd5 16. Qa4 a6 17. O-O b5 18. Qd1 Rc8 19. Nxd5 Bxd5 20. a4 Bc4 21.
Qxd8 Rfxd8 22. axb5 Bxe2 23. bxa6 Bxf1 24. a7 Rd1 0-1

[Event "66. BEM 2012"]
[Site "Dortmund"]
[Date "2012.03.08"]
[Round "6.18"]
[White "Wangrin, Stefan A"]
[Black "Hlopotov, Nikita"]
[Result "1/2-1/2"]
[WhiteElo "1165"]
[BlackElo "1405"]
[Annotator "P. Schulenburg"]
[PlyCount "52"]
[EventDate "2012.??.??"]
[Source "SG Dortmund"]
[SourceDate "2004.12.16"]

1. c4 e5 2. Nc3 Nf6 3. Nf3 Nc6 4. e4 Bb4 5. Qc2 O-O 6. a3 Bc5 7. b4 Be7 8. Bb2
d6 9. Nd5 Bg4 10. Be2 Qd7 11. Nxe7+ Nxe7 12. d4 exd4 13. Bxd4 Nh5 14. h3 Be6
15. Ng5 Nf4 16. e5 Bf5 17. Qc3 Nxe2 18. Kxe2 dxe5 19. Bxe5 f6 20. Rhd1 Qe8 21.
Nf3 fxe5 22. Rd5 Ng6 23. Nxe5 c6 24. Kf1 cxd5 25. Re1 Nxe5 26. Rxe5 Qc6 1/2-1/2